The Soviet legal system and arms inspection : (Record no. 42160)
[ view plain ]
| 000 -LEADER | |
|---|---|
| fixed length control field | 01196nam a2200301 a 4500 |
| 001 - CONTROL NUMBER | |
| control field | 42160 |
| 003 - CONTROL NUMBER IDENTIFIER | |
| rucl marc code | BD-RjUL |
| 005 - DATE AND TIME OF LATEST TRANSACTION | |
| control field | 20211209053513.0 |
| 008 - FIXED-LENGTH DATA ELEMENTS--GENERAL INFORMATION | |
| fixed length control field | 160609r19721967nyu b 000 0 eng |
| 035 ## - SYSTEM CONTROL NUMBER | |
| System control number | OCLC ocm00371802 from D970514M |
| -- | BD-RjUL42278 |
| 040 ## - CATALOGING SOURCE | |
| Original cataloging agency | DLC |
| Transcribing agency | DLC |
| Modifying agency | EQO |
| -- | BD-RjUL |
| Language of cataloging | eng |
| 041 ## - LANGUAGE CODE | |
| Language code of text/sound track or separate title | eng |
| 082 00 - DEWEY DECIMAL CLASSIFICATION NUMBER | |
| Classification number | 341.73 |
| Author mark and year | ZIS 1972 |
| 100 1# - MAIN ENTRY--PERSONAL NAME | |
| Personal name | Zīle, Zigurds L. |
| 9 (RLIN) | 129655 |
| 245 14 - TITLE STATEMENT | |
| Title | The Soviet legal system and arms inspection : |
| Remainder of title | a case study in policy implementation / |
| Statement of responsibility, etc. | [by] Zigurds L. Zile, Robert Sharlet [and] Jean C. Love. |
| 260 ## - PUBLICATION, DISTRIBUTION, ETC. (IMPRINT) | |
| Place of publication, distribution, etc. | New York : |
| Name of publisher, distributor, etc. | Praeger Publishers, |
| Date of publication, distribution, etc. | [1972] |
| 300 ## - PHYSICAL DESCRIPTION | |
| Pagination | xxxvi, 394 p. |
| Size | 25 cm. |
| 490 1# - SERIES STATEMENT | |
| Series statement | Praeger special studies in international politics and public affairs |
| 500 ## - GENERAL NOTE | |
| General note | 1967 ed. published under title: Legal aspects of verification in the Soviet Union. |
| 504 ## - BIBLIOGRAPHY, ETC. NOTE | |
| Bibliography, etc | Includes bibliographies. |
| 650 #0 - SUBJECT ADDED ENTRY--TOPICAL TERM | |
| Topical term or geographic name as entry element | Nuclear arms control. |
| 9 (RLIN) | 129273 |
| Topical term or geographic name as entry element | Nuclear weapons |
| General subdivision | Testing |
| -- | Detection. |
| 9 (RLIN) | 129656 |
| 700 1# - ADDED ENTRY--PERSONAL NAME | |
| Personal name | Sharlet, Robert S. |
| Personal name | Love, Jean C. |
| 830 #0 - SERIES ADDED ENTRY--UNIFORM TITLE | |
| Uniform title | Praeger special studies in international politics and public affairs |
| 942 ## - ADDED ENTRY ELEMENTS (KOHA) | |
| Source of classification or shelving scheme | Dewey Decimal Classification |
| Koha item type | Books |
| Lost status | Source of classification or shelving scheme | Damaged status | Not for loan | Collection code | Permanent Location | Current Location | Shelving location | Date acquired | Source of acquisition | Cost, normal purchase price | Total Checkouts | Full call number | Date last seen | Copy number | Koha item type |
|---|---|---|---|---|---|---|---|---|---|---|---|---|---|---|---|
| Dewey Decimal Classification | Non-fiction | Central Library, University of Rajshahi | Central Library, University of Rajshahi | 25/11/1975 | Gonathan were | 8.50 | 341.73 ZIS 1972 | 09/06/2016 | C-2 | Books |